| 000 | 01423nam2a2200301 4500 | ||
|---|---|---|---|
| 001 | rc\2895329 | ||
| 005 | 20110728114130.2 | ||
| 035 | _a(NLR Aleph) 007047302 | ||
| 090 |
_a13589770 _c13589770 |
||
| 100 | _a20110728d1930 |||y0rusy50 ca | ||
| 101 | 0 | _arus | |
| 102 | _aRU | ||
| 105 | _aa z ||||| | ||
| 200 | 0 |
_aЧ. 2 _fА.Г. Гороховский, С.М. Келейников, С.Е. Ляпин, И.А. Сигов _gПод ред. И.А. Сигова |
|
| 210 | _d1930 | ||
| 215 |
_a120 с. _cчерт. |
||
| 300 | _aНа тит. л.: "А.Г. Гороховский, С.М. Келейников, С.Е. Ляпин, И.А. Сигов. Под ред. И.А. Сигова. Рабочая книга по математике ..." | ||
| 300 | _aНачало изд.: Боярчук, В.П. Рабочая книга по математике. Для школ взрослых и совпартшкол ... | ||
| 461 | 0 |
_1001rc\2895328 _12000#$aРабочая книга по математике$eДля школ взрослых, совпартшкол и заоч. курсов ...$vЧ. 2 |
|
| 700 | 1 |
_aГороховский _bА. Г. |
|
| 701 | 1 |
_aКелейников _bС. М. |
|
| 701 | 1 |
_aЛяпин _bС. Е. |
|
| 701 | 1 |
_aСигов _bИ. А. _gИсаакий Александрович |
|
| 801 | 0 |
_aRU _bNLR _gpsbo |
|
| 801 | 1 |
_aRU _bELAR _2rusmarc |
|
| 852 |
_aNLR _j30.18/139(2) |
||
| 942 | _cBOOK | ||
| 980 | _aNB | ||